000 00691nam a2200277Ia 4500
005 20250425162349.0
008 250425s9999 xx 000 0 und d
020 _a9586537391
041 _aspa
043 _ack
082 _a341.026
100 _aROHATGI, ROY
245 0 _aPRINCIPIOS BASICOS DE TRIBUTACION INTERNACIONAL
250 _a1A ED.
260 _aBOGOTA
_bLEGIS
260 _aColombia
_bLEGIS
_c2008
300 _a699
500 _aTítulo Traducido: BASIC INTERNATIONAL TAXATION
650 _aCAPITAL
650 _aIMPUESTOS
650 _aTRIBUTACION INTERNACIONAL
700 _aJUAN IDROVO
_etraductor
710 _aLEGIS
942 _c01
010 _a66257
999 _c227746
_d227746